00444cam a22000977a 4500008004000000082002100040245017000061260006000231300001400291700004100305180718b1985 xxu||||| |||| 00| 0 eng d aQ43x54 In2g 1985 aCompoliation of guidleines and instructions : integrated child devlopment services and functional literacy for adult womencby Ministry of Social And Women's Welfare aNew DelhibMinistry of Social And Women's Welfarec1985 axii,116p. aIndia.Ministry of Social And Welfare